banner koha

A methodology to estimate the volume and stem taper based on solidos of revolutions (Registro n. 338626)

MARC details
000 -LÍDER
fixed length control field 04254nab a2200325 4500
003 - CÓDIGO MARC DA AGÊNCIA CATALOGADORA
Campo de controle BR-BrBNA
005 - DATA E HORA DA ÚLTIMA ATUALIZAÇÃO
Campo de controle 20251010161134.0
008 - CAMPO DE TAMANHO FIXO
fixed length control field 251010b2024 bl.ar|pooa||| 00| 0 eng |
040 ## - FONTE DA CATALOGAÇÃO
Agência catalogadora BR-BrBNA
Idioma da catalogação por
072 ## - CATEGORIA AGRIS
Código AGRIS k10 ; k50
Código do objeto 3240 ; 8901
100 ## - ENTRADA PRINCIPAL - NOME PESSOAL
Nome pessoal Soares, Carlos Pedro Boechat
100 ## - ENTRADA PRINCIPAL - NOME PESSOAL
Nome pessoal Leite, Helio Garcia
100 ## - ENTRADA PRINCIPAL - NOME PESSOAL
Nome pessoal Silva, Gilson Fernandes da
245 ## - TÍTULO PRINCIPAL
Título principal A methodology to estimate the volume and stem taper based on solidos of revolutions
500 ## - NOTA GERAL
Nota geral Summaries (En, Pt); 35 ref.; 6 illus.; 3 tables
942 ## - ADDED ENTRY ELEMENTS (KOHA)
Koha item type Analítica
520 ## - NOTA DE RESUMO
Nota de conteúdo ABSTRACT - The knowledge and identification of stem forms allow more accurate quantification of timber resources as the volume and knowledge of aspects related to species genetics and environmental factors on tree growth. Therefore, the objective of this study was the development of<br/>methodology based on concepts of solids of revolution to identify the different forms along the tree stems; define the most appropriate formulas to compute the volume of each part of the stem; and estimate diameters along the stems (stem taper). For this, data from 27 felled sample trees of Eucalyptus grandis, separated equally into nine diameter classes, with 60 months of age, planted under 3 × 3 meters spacing were used to establish the relationships between the variables and develop the methodology. For the set of sample trees, the basal part of the stems resembled a neiloid, a cone at the center, and a paraboloid at the top. The differences between stem volumes obtained by applying specific formulas for each stem section and those obtained by a single formula for all sections were statistically significant (p-value < 0.05). The proposed methodology provided accurate estimates of diameters outside the bark compared to the diameters estimated by the taper models for most sample trees, showing the potential of using the methodology as an alternative to traditional methods.<br/>Keywords: Geometric forms; Eucalyptus trees; Taper functions.
520 ## - NOTA DE RESUMO
Nota de conteúdo RESUMO – O conhecimento e a identificação das formas do tronco permitem uma quantificação mais precisa dos recursos madeireiros quanto ao volume e o conhecimento de aspectos relacionados à<br/>genética das espécies e aos fatores ambientais no crescimento das árvores. Assim sendo, o objetivo deste estudo foi o desenvolvimento de metodologia baseada em conceitos de sólidos de revolução para identificar as diferentes formas ao longo dos troncos das árvores; definir as fórmulas mais adequadas<br/>para calcular o volume de cada parte deles; e estimar os diâmetros ao longo dos troncos (afilamento). Para isso, foram utilizados dados de 27 árvores amostrais de Eucalyptus grandis, separadas igualmente em nove classes de diâmetro, com 60 meses de idade, plantadas no espaçamento 3 × 3 metros, para estabelecer as relações entre as variáveis e desenvolver a metodologia. Para o conjunto das árvores amostrais, verificou-se que a parte basal dos troncos assemelhavam-se a um neilóide; a um cone na parte central; e a um parabolóide no topo. As diferenças entre os volumes do tronco<br/>obtidos pela aplicação de fórmulas específicas para cada seção do caule e aqueles obtidos por uma fórmula única para todas as seções foram estatisticamente significativos (p-valor < 0,05). A metodologia proposta forneceu estimativas precisas dos diâmetros com casca em comparação com os diâmetros estimados pelos modelos de afilamento para a maioria das árvores amostradas, mostrando o potencial<br/>do uso da metodologia como alternativa aos métodos tradicionais. Palavras-Chave: Formas geométricas; Árvores de Eucalyptus; Funções de afilamento.
650 ## - ASSUNTO - THESAGRO
Cabeçalho tópico ou nome geográfico EUCALYPTUS GRANDIS
650 ## - ASSUNTO - THESAGRO
Cabeçalho tópico ou nome geográfico CAULE
650 ## - ASSUNTO - THESAGRO
Cabeçalho tópico ou nome geográfico TORA
650 ## - ASSUNTO - THESAGRO
Cabeçalho tópico ou nome geográfico MADEIRA ROLIÇA
650 ## - ASSUNTO - THESAGRO
Cabeçalho tópico ou nome geográfico DIÂMETRO
650 ## - ASSUNTO - THESAGRO
Cabeçalho tópico ou nome geográfico DENDROMETRIA
650 ## - ASSUNTO - THESAGRO
Cabeçalho tópico ou nome geográfico MEDIÇÃO
650 ## - ASSUNTO - THESAGRO
Cabeçalho tópico ou nome geográfico VOLUME
773 0# - ENTRADA ANALÍTICA
Host Biblionumber 812
Registro do item 346931
Imprenta Viçosa-MG Sociedade de Investigações Florestais - Universidade Federal de Viçosa. Depto. de Engenharia Florestal 1977
Outro identificador 2024-7729
Título Revista Árvore (Brazil)
ISSN 0100-6762
Colação v. 48 p. 1-14; (2024)
Número de controle de registro BR2025003813
856 ## - ACESSO E ENDEREÇO ELETRÔNICO
Identificador uniforme de recurso - URI https://www.scielo.br/j/rarv/a/6Zw5kS7dyqkRw8Dw9NRfW9f/?format=pdf&lang=en

Nenhum exemplar disponível.

BINAGRI

Telefone: (61)3218-2567/2388/3357/2097 - binagri@agro.gov.br

Ministério da Agricultura e Pecuária , Esplanada dos Ministérios, Bloco D, Anexo B, Brasília/DF, CEP: 70.043-900